Empty houses in Scotland (Record no. 117708)
[ view plain ]
| 000 -LEADER | |
|---|---|
| fixed length control field | 01089cam a2200229 4500 |
| 001 - CONTROL NUMBER | |
| control field | WB@3612-531 |
| 008 - FIXED-LENGTH DATA ELEMENTS--GENERAL INFORMATION | |
| fixed length control field | 040715n2004 000 0 eng u |
| 035 ## - SYSTEM CONTROL NUMBER | |
| System control number | (Sirsi) u126793 |
| 245 ## - TITLE STATEMENT | |
| Title | Empty houses in Scotland |
| 260 ## - PUBLICATION, DISTRIBUTION, ETC. | |
| Date of publication, distribution, etc. | 2004 |
| 490 ## - SERIES STATEMENT | |
| Series statement | Audit Scotland Press Release |
| Volume/sequential designation | 15 July 2004 (2) |
| 520 ## - SUMMARY, ETC. | |
| Summary, etc. | The Accounts Commission and Communities Scotland have published "Managing housing voids: the impact of low demand properties". This report looks at how councils and Registered Social Landlords (RSLs) manage empty and low demand houses. In 2003 the spending watchdog, Audit Scotland, found that £33.7m in rental income was lost because properties were lying empty. The full report can be viewed at: http://www.audit-scotland.gov.uk/publications/inde x.htm. http://www.audit-scotland.gov.uk/news/Press%20rele ases/AChousingvoids04.pdf |
| 590 ## - LOCAL NOTE (RLIN) | |
| Local note | WB |
| 590 ## - LOCAL NOTE (RLIN) | |
| Local note | WB |
| 650 ## - SUBJECT ADDED ENTRY--TOPICAL TERM | |
| Topical term or geographic name entry element | PERFORMANCE INDICATORS |
| 650 ## - SUBJECT ADDED ENTRY--TOPICAL TERM | |
| Topical term or geographic name entry element | EMPTY HOMES |
| 650 ## - SUBJECT ADDED ENTRY--TOPICAL TERM | |
| Topical term or geographic name entry element | SOCIAL HOUSING |
| 650 ## - SUBJECT ADDED ENTRY--TOPICAL TERM | |
| Topical term or geographic name entry element | SCOTLAND |
| 650 ## - SUBJECT ADDED ENTRY--TOPICAL TERM | |
| Topical term or geographic name entry element | RENTAL INCOME |
| 690 ## - LOCAL SUBJECT ADDED ENTRY--TOPICAL TERM (OCLC, RLIN) | |
| Topical term or geographic name as entry element | HOUSING-SOCIAL HOUSING |
| 942 ## - ADDED ENTRY ELEMENTS (KOHA) | |
| Suppress in OPAC | 0 |
| Withdrawn status | Lost status | Source of classification or shelving scheme | Damaged status | Not for loan | Home library | Current library | Shelving location | Date acquired | Total Checkouts | Full call number | Barcode | Date last seen | Copy number | Price effective from | Koha item type |
|---|---|---|---|---|---|---|---|---|---|---|---|---|---|---|---|
| Dewey Decimal Classification | London | London | News article | 15/07/2004 | WB4027-14 | 126793-1001 | 06/08/2019 | 1 | 06/08/2019 | News article |